Statistics for Крупнейшие объекты Солнечной системы

Click here to take the quiz!

General Stats

  • This quiz has been taken 54 times
  • The average score is 13 of 35

Answers on the Map

Answers color-coded by a green-red scale on the quiz's map according to % correct below.
 

Answer Stats

РазновидностьСредний радиус (км)Ответ% Correct
Естественный спутник1,737.5Луна
98%
Планета6,371.0Земля
98%
Планета58,232Сатурн
96%
Планета6,051.8Венера
96%
Звезда695,508Солнце
94%
Планета24,622Нептун
94%
Планета2,439.4Меркурий
92%
Планета69,911Юпитер
92%
Планета3,389.5Марс
92%
Планета25,362Уран
92%
Карликовая планета1,188.3Плутон
86%
Естественный спутник1,560.8Европа
47%
Естественный спутник2,574.7Титан
41%
Естественный спутник1,821.6Ио
33%
Естественный спутник2,634.1Ганимед
24%
Карликовая планета469.7Церера
22%
Естественный спутник1,353.4Тритон
16%
Естественный спутник606.0Харон
14%
Карликовая планета1,163Эрида
12%
Естественный спутник2,410.3Каллисто
12%
Карликовая планета715Макемаке
10%
Естественный спутник761.4Оберон
8%
Естественный спутник788.9Титания
8%
Седноид~498Седна
8%
Карликовая планета780 (эллипсоид)Хаумеа
6%
Естественный спутник763.8Рея
6%
Естественный спутник735.6Япет
6%
Естественный спутник578.9Ариэль
6%
Естественный спутник561.7Диона
6%
Плутино~455Орк
6%
Естественный спутник584.7Умбриэль
4%
Естественный спутник533.0Тефия
4%
Карликовая планета~615Гун-гун
2%
Кьюбивано543Квавар
2%
Кьюбивано~423Салация
2%

Score Distribution

Percentile by Number Answered

Percent of People with Each Score

Your Score History

You have not taken this quiz